Technológia ručného spracovania kovov pre 1. ročník stredných odborných učilíšť /
Saved in:
| Main Authors: | , |
|---|---|
| Other Authors: | |
| Format: | Book |
| Language: | Slovak Czech |
| Published: |
Bratislava :
Alfa-press,
2008
|
| Edition: | 6. vyd., celkovo 7. uprav. vyd. |
| Subjects: | |
| ISBN: | 9788089223268 |
| Online Access: |
|
| Tags: |
Add Tag
No Tags, Be the first to tag this record!
|
MARC
| LEADER | 00000nam a2200000 4500 | ||
|---|---|---|---|
| 003 | SK-BrCVT | ||
| 005 | 20220621165344.0 | ||
| 008 | 080910s2008 xo e ||||||slo d | ||
| 020 | |a 9788089223268 | ||
| 035 | |a CVTIDW1458420 | ||
| 040 | |b slo |a CVTI SR |e AACR2 | ||
| 041 | 1 | |a slo |h cze | |
| 044 | |a xo | ||
| 080 | |a 621.7/.9 |2 UDC-MRF | ||
| 080 | |a 614.8 |2 UDC-MRF | ||
| 100 | 1 | |a Švagr, Jiří |4 aut | |
| 245 | 1 | 0 | |a Technológia ručného spracovania kovov pre 1. ročník stredných odborných učilíšť / |c Jiří Švagr, Jan Vojtík ; z českého originálu preložil: Ján Kupka |
| 250 | |a 6. vyd., celkovo 7. uprav. vyd. | ||
| 260 | |a Bratislava : |b Alfa-press, |c 2008 | ||
| 300 | |a 91 s. : |b lit., obr., tab. ; | ||
| 653 | 1 | |a strihanie kovov |a rezanie závitov |a vinutie pružín |a lepenie kovov |a lícovanie |a bezpečnosť pri práci | |
| 700 | 1 | |a Vojtík, Jan |4 aut | |
| 700 | 1 | |a Kupka, Ján |4 trl | |
| 910 | |b A605886 | ||
| 919 | |a 978-80-89223-26-8 | ||
| 974 | |f Knihy | ||
| 992 | |a AUS | ||
| 999 | |c 169594 |d 169594 | ||

